South Park Character Click Quiz Stats

 Plays Quiz Updated Jun 8, 2017

Support Sporcle.
Go Orange.
Score 0/41 Timer 04:00
0 Plays Today
% Correct
Chef
89.9%
Jesus
89.8%
Officer Barbrady
89.1%
Eric Cartman
88.7%
Token Black
88.2%
Kenny McCormick
88.2%
Big Gay Al
87.4%
Kyle Broflovski
86.2%
Butters Stotch
86.2%
Randy Marsh
85.2%
Ike Broflovski
84.4%
Terrance
83.2%
Gerald Broflovski
83.2%
Liane Cartman
83.1%
Sheila Broflovski
83%
Stan Marsh
82.7%
Mr. Mackey
82.7%
Wendy Testaburger
82.6%
Sharon Marsh
82.5%
Phillip
82%
Mr. Garrison
81.5%
% Correct
Linda Stotch
81.1%
Mr. Hat
80%
Principal Victoria
79.9%
Mayor McDaniels
79.1%
Carol McCormick
79.1%
Timmy Burch
78.2%
Stephen Stotch
77.8%
Tweek Tweak
77%
Shelly Marsh
76.4%
Jimbo Kern
76%
Bebe Stevens
76%
Jimmy Valmer
73.6%
P.C. Principal
73.2%
Ned Gerblansky
71.7%
Stuart McCormick
71.3%
Scott Malkinson
66.5%
Craig Tucker
65.5%
Kevin McCormick
63.2%
Clyde Donovan
60.9%
Karen McCormick
51.5%

You're not logged in!

Compare scores with friends on all Sporcle quizzes.
OR
Log In
Forgot?

From the Vault

'L' Capitals by Length

by El_Dandy

If you run out of ideas, don't start trying made up capitals like Lashington DC or Loscow.
Remove Ads.
Support Sporcle.
Get the best of Sporcle when you Go Orange. This ad-free experience offers more features, more stats, and more fun while also helping to support Sporcle. Thank you for becoming a member.

Show Comments

Extras

Top Quizzes Today


Score Distribution

Your Account Isn't Verified!

In order to create a playlist on Sporcle, you need to verify the email address you used during registration. Go to your Sporcle Settings to finish the process.

Report this User

Report this user for behavior that violates our Community Guidelines.

Details: